Top 100 Authors of All Time! - Statistics

General Stats
  • This quiz has been taken 16,489 times
    16,445 since last reset
  • The average score is 40 of 100
Answer Stats
# Author % Correct
1 William Shakespeare
89%
2 Charles Dickens
86%
7 Jane Austen
81%
19 J.K. Rowling
80%
5 Leo Tolstoy
76%
4 J.R.R. Tolkien
71%
6 Ernest Hemingway
70%
21 Stephen King
67%
10 Mark Twain
65%
8 George Orwell
63%
28 Agatha Christie
60%
15 F. Scott Fitzgerald
60%
9 John Steinbeck
59%
12 C.S. Lewis
57%
16 Oscar Wilde
57%
26 Victor Hugo
57%
37 Harper Lee
56%
11 James Joyce
55%
25 Homer
54%
14 Edgar Allen Poe
53%
3 Fyodor Dostoevsky
53%
40 Emily Brontë
52%
31 Virginia Woolf
52%
27 Charlotte Brontë
51%
23 J.D. Salinger
50%
13 Alexandre Dumas
49%
50 Arthur Conan Doyle
48%
35 Herman Melville
48%
65 Miguel de Cervantes
47%
90 Dan Brown
46%
36 Dante Alighieri
46%
22 Gabriel Garcia Marquez
46%
18 Franz Kafka
45%
44 Roald Dahl
45%
57 George Eliot
44%
20 William Faulkner
43%
30 Robert Louis Stevenson
42%
24 Vladimir Nabokov
41%
77 Sylvia Plath
40%
75 Bram Stoker
39%
32 Albert Camus
38%
46 Aldous Huxley
38%
49 H.G. Wells
38%
38 Joseph Conrad
38%
74 Rudyard Kipling
38%
34 Thomas Hardy
38%
17 Kurt Vonnegut
37%
94 Gustave Flaubert
36%
55 Henry Miller
36%
39 Jack Kerouac
36%
42 Jules Verne
36%
92 Margaret Atwood
36%
83 Nathaniel Hawthorne
36%
69 Salman Rushdie
36%
91 Toni Morrison
36%
84 Graham Greene
35%
66 Johann Wolfgang von Goethe
35%
41 Marcel Proust
34%
70 Plato
34%
33 Douglas Adams
33%
52 Ray Bradbury
33%
93 Emily Dickinson
32%
61 John Grisham
32%
64 Joseph Heller
32%
72 Thomas Mann
32%
48 Jack London
31%
54 John Milton
31%
47 Anton Chekhov
30%
29 Ayn Rand
30%
85 D.H. Lawrence
30%
56 Dr. Seuss
29%
71 Isaac Asimov
29%
97 Evelyn Waugh
28%
82 Honoré de Balzac
28%
96 Edith Wharton
26%
98 Samuel Beckett
26%
62 Henry David Thoreau
25%
67 John Irving
25%
81 Nikolai Gogol
25%
53 Paulo Coelho
25%
100 William Blake
25%
76 Cormac McCarthy
24%
88 Friedrich Nietzsche
24%
60 Hunter S. Thompson
24%
63 Ian McEwan
24%
89 Ralph Waldo Emerson
24%
51 Terry Pratchett
24%
68 H.P. Lovecraft
23%
78 Jean Paul Sarte
23%
45 Philip Pullman
23%
79 Jorge Luis Borges
22%
59 Khalid Hosseini
22%
73 Nicolas Sparks
22%
43 W. Somerset Maugham
22%
99 Sidney Sheldon
20%
95 Mikail Bulgakov
19%
86 Charles Bukowski
18%
58 Jodi Picoult
18%
80 Orson Scott Card
18%
87 Chuck Palahniuk
15%
No matching quizzes found
Score Distribution
Percent of People with Each Score
Percentile by Number Answered
Your Score History
You have not taken this quiz since the last reset